00454nam a2200133Ia 4500008004100000100002100041245006600062245004400128260005300172260000900225300001000234650001500244856006100259170221s9999 xx 000 0 und d aShazwani Shafiai aExamining of Issues on Flood Disaster Management in Malaysia  cShazwani Shafiai, Mohamad Sukeri Khalid bInternational Review of Management and Marketing c2012 a7 : 2 xMarketing. uhttp://www.econjournals.com/index.php/irmm/issue/view/91